Memorias de guerra del Capitán George Carleton : (Registro nro. 229743)

Detalles MARC
000 -LEADER
fixed length control field 01904cam a2200469Ia 4500
001 - CONTROL NUMBER
control field DIGUAL0031
003 - CONTROL NUMBER IDENTIFIER
control field NyNyDIG
006 - FIXED-LENGTH DATA ELEMENTS--ADDITIONAL MATERIAL CHARACTERISTICS
fixed length control field m o d
007 - PHYSICAL DESCRIPTION FIXED FIELD--GENERAL INFORMATION
fixed length control field cr |||||||||||
008 - FIXED-LENGTH DATA ELEMENTS--GENERAL INFORMATION
fixed length control field 121201s2002 sp ob 000 1 spa d
020 ## - INTERNATIONAL STANDARD BOOK NUMBER
Canceled/invalid ISBN 8479086904
020 ## - INTERNATIONAL STANDARD BOOK NUMBER
Canceled/invalid ISBN 9788479086909
035 ## - SYSTEM CONTROL NUMBER
System control number (OCoLC)647947974
040 ## - CATALOGING SOURCE
Original cataloging agency DGITA
Language of cataloging eng
Description conventions pn
Transcribing agency DGITA
041 1# - LANGUAGE CODE
Language code of text/sound track or separate title spa
Language code of original eng
043 ## - GEOGRAPHIC AREA CODE
Geographic area code e-sp---
050 14 - LIBRARY OF CONGRESS CALL NUMBER
Classification number PR3404 eBook
100 1# - MAIN ENTRY--PERSONAL NAME
Personal name Defoe, Daniel,
Dates associated with a name 1661?-1731,
Relator term author
240 10 - UNIFORM TITLE
Uniform title Memoirs of an English officer.
Language of a work Spanish
Version (Lorenzo Miralles)
245 10 - TITLE STATEMENT
Title Memorias de guerra del Capitán George Carleton :
Remainder of title los españoles vistos por un oficial inglés durante la Guerra de Sucesión /
Statement of responsibility, etc. Daniel Defoe ; estudio preliminar y notas de Virginia León Sanz ; traduccíon de Jaime Lorenzo Miralles.
264 #1 - PRODUCTION, PUBLICATION, DISTRIBUTION, MANUFACTURE, AND COPYRIGHT NOTICE
Place of production, publication, distribution, manufacture San Vicente del Raspeig :
Name of producer, publisher, distributor, manufacturer Publicaciones de la Universidad de Alicante,
Date of production, publication, distribution, manufacture, or copyright notice [2002]
300 ## - PHYSICAL DESCRIPTION
Extent 1 online resource.
336 ## - CONTENT TYPE
Content type term text
Content type code txt
Source rdacontent
337 ## - MEDIA TYPE
Media type term computer
Media type code c
Source rdamedia
338 ## - CARRIER TYPE
Carrier type term online resource
Carrier type code cr
Source rdacarrier
504 ## - BIBLIOGRAPHY, ETC. NOTE
Bibliography, etc. note Includes bibliographical references.
650 #0 - SUBJECT ADDED ENTRY--TOPICAL TERM
Topical term or geographic name entry element Spanish Succession, War of, 1701-1714
Form subdivision Fiction.
650 #0 - SUBJECT ADDED ENTRY--TOPICAL TERM
Topical term or geographic name entry element British
Geographic subdivision Spain
Form subdivision Fiction.
650 #0 - SUBJECT ADDED ENTRY--TOPICAL TERM
Topical term or geographic name entry element Soldiers
Form subdivision Fiction.
650 #0 - SUBJECT ADDED ENTRY--TOPICAL TERM
Topical term or geographic name entry element Great Britain
General subdivision History, Military
Chronological subdivision 1603-1714
Form subdivision Fiction.
651 #0 - SUBJECT ADDED ENTRY--GEOGRAPHIC NAME
Geographic name Spain
General subdivision Description and travel.
655 #7 - INDEX TERM--GENRE/FORM
Genre/form data or focus term Action and adventure fiction.
Source of term lcgft
655 #0 - INDEX TERM--GENRE/FORM
Genre/form data or focus term Electronic books.
700 1# - ADDED ENTRY--PERSONAL NAME
Relationship information Translation of:
Personal name Defoe, Daniel,
Dates associated with a name 1661?-1731.
Title of a work Memories of an English officer.
700 1# - ADDED ENTRY--PERSONAL NAME
Personal name León Sanz, Virginia,
Relator term editor.
700 1# - ADDED ENTRY--PERSONAL NAME
Personal name Lorenzo Miralles, Jaime,
Relator term translator.
791 2# -
-- Digitalia (Firm),
-- distributor.
793 0# -
-- Digitalia eBook Collection:
-- Univ. de Alicante.
856 40 - ELECTRONIC LOCATION AND ACCESS
Materials specified Digitalia Hispánica
Uniform Resource Identifier <a href="https://www.digitaliapublishing.com/a/741/">https://www.digitaliapublishing.com/a/741/</a>
910 ## - USER-OPTION DATA (OCLC)
User-option data Premium Collection: 2007-2012
942 ## - ADDED ENTRY ELEMENTS (KOHA)
Koha item type Recurso Electrónico
Existencias
Withdrawn status Lost status Damaged status Not for loan Collection Home library Current library Date acquired Total checkouts Date last seen Price effective from Koha item type
        Digitalia Ebooks Hispanica Biblioteca Digital UIN Biblioteca Digital UIN 04/25/2025   04/25/2025 04/25/2025 Recurso Electrónico

CONTACTO


NOSOTROS


SITIOS DE INTERES

coordinacion.biblioteca.biblioteca@unienlinea.mx Misión, Visión y Objetivos Bases de datos
Directorio Bibliotecas Digitales y Repositorios
Normatividad Revistas y artículos
Convenios interbibliotecarios
Boletines



Hecho en México. Universidad Insurgentes (UIN). Todos los derechos reservados 2024. Esta página y sus contenidos pueden ser reproducidos con fines no lucrativos, siempre y cuando no se mutile, se cite la fuente completa y su dirección electrónicas. De otra forma requiere permiso previo por escrito de la institución




2024 Copyright Universidad Insurgentes | www.bibliouin.com.mx